| 000 | 00918nam a22002651u 4500 | ||
|---|---|---|---|
| 001 | 04657 | ||
| 003 | HDC | ||
| 007 | cr bn ---aaaaa | ||
| 008 | 210117p2010 fo d 00 engg | ||
| 040 | _aHDC | ||
| 100 |
_aFischer, Johan _eauthor _91110 |
||
| 245 | 0 |
_aHalal Sanitised: Health and Science in a Globalised Religious Market / by _cJohan Fischer |
|
| 260 |
_a[no place] : _b [publisher not identified] , _c2010 |
||
| 300 | _a 1 online resource (24 pages) | ||
| 336 |
_atext _2rdacontent |
||
| 337 |
_acomputer _2rdamedia |
||
| 338 |
_aonline resource _2rdacarrier |
||
| 650 |
_aHalal Sanitised _94786 |
||
| 650 |
_ahalal _9294 |
||
| 650 |
_amodern scientific world _94785 |
||
| 856 | _zRequest full-text at [email protected] | ||
| 942 | _2lcc | ||
| 942 | _cAR | ||
| 942 | _kJART 001188 | ||
| 999 |
_c1982 _d1982 |
||